00374nam a2200121Ia 450000500170000000800410001710000230005824500970008125000110017826000390018930000110022865000130023920260328104311.0260328s9999||||xx |||||||||||||| ||und|| aAprile-G, Jacques  0aLa Ciudad Colombiana :b la Formación espacial Americana prehispanica /cJacques Aprile-G a2a ed. bColección de arte y Humanidades  a226 p. aCOLOMBIA